000 01073nam0a2200277 4500
001 RU\NLR\ONL1\13619
005 20250613121742.0
035 _a(NLR Aleph) 009642363
090 _a9551429
_c9551429
100 _a20090210d1988 |||y0rusy50 ca
101 0 _amyv
102 _aRU
105 _ay |||||||||
200 9 _aДидактической материал 2-4 класстнэнень
_eучительнень пособия
_fР. С. Ширманкина
210 _aСаранск
_cМорд. кн. изд-вась
_d1988
215 _a142 с.
_d20
300 _aНа обл. авт. не указан
541 1 _aДидактический материал для 2-4-х классов
_zrus
606 0 _aЭрзянский язык
_xПреподавание
_xНачальная школа
_92175325
_3RU\NLR\auth-onl\6654
686 1 _aЧ426.151
700 1 _aШирманкина
_bР. С.
_gРаиса Семеновна
_4070
801 0 _aRU
_bNLR
_c20090210
_gPSBO
852 _aNLR
_bОНЛ
_jМорд.э./2-2579
942 _cBOOK
980 _aNB